El hombre que parecía un caballo y otros cuentos
محفوظ في:
| المؤلف الرئيسي: | |
|---|---|
| التنسيق: | كتاب |
| اللغة: | Undetermined |
| منشور في: |
Guatemala
Universitaria
1951
|
| الموضوعات: | |
| الوسوم: |
إضافة وسم
لا توجد وسوم, كن أول من يضع وسما على هذه التسجيلة!
|
MARC
| LEADER | 00000nam a2200000Ia 4500 | ||
|---|---|---|---|
| 008 | 170316s9999 xx 000 0 und d | ||
| 040 | |a cru BVZT | ||
| 090 | |a 860 A-30h | ||
| 100 | |a Arevalo Martínez, Rafael |9 1002 | ||
| 245 | |a El hombre que parecía un caballo y otros cuentos |c / Rafael Arevalo Martínez | ||
| 260 | |a Guatemala |b Universitaria |c 1951 | ||
| 300 | |a 268 páginas | ||
| 650 | |a LITERATURA LATINOAMERICANA |9 15 | ||
| 999 | |c 8322 |d 8322 | ||
| 942 | |c 15 D |h 860 A-30h |2 z | ||
